|
|
|
|
| LEADER |
00000nam a2200000 a 4500 |
| 001 |
vtls008392978 |
| 003 |
SK-MaSNL |
| 005 |
20260301075540.0 |
| 008 |
251124s1928 xo slo |
| 015 |
|
|
|a SKSNBA19191938-009938
|
| 035 |
|
|
|a SK01SNKBSKHR20010085195
|
| 035 |
|
|
|a SKM000087658
|
| 040 |
|
|
|a SNK
|b slo
|c SNK
|e AACR2
|
| 041 |
1 |
|
|a slo
|
| 044 |
|
|
|a xo
|
| 080 |
|
|
|a 885.0
|2 1981
|
| 100 |
1 |
|
|a Průcha, Jaroslav,
|d 1894-1936
|4 aut
|4 cmp
|9 237902
|
| 245 |
1 |
0 |
|a O matke Vlasti
|b pohádková detská hra so spevmi a tancom v 3 dejstvách a prológom
|c nap. a hudbu slož. Jaroslav Průcha ; prel. Ján Kvietok
|
| 260 |
|
|
|a Žilina
|b O. Trávniček
|c 1928
|e [s.l.]
|f [s.n.]
|
| 300 |
|
|
|a 83, [1] s.
|c 8°
|
| 490 |
0 |
|
|a Rozkvet : knižnica divadelných hier pre mládež
|v zv. 21
|
| 650 |
0 |
7 |
|a české drámy
|2 SNK
|9 308750
|
| 655 |
|
7 |
|a umelecká literatúra
|2 SNKPH
|9 60405
|
| 700 |
1 |
|
|a Kvietok, Ján
|4 trl
|9 272863
|
| 830 |
|
0 |
|a Rozkvet : knižnica divadelných hier pre mládež
|9 309377
|
| 852 |
|
|
|a Slovenská národná knižnica v Martine
|b 10000
|h MS SD 2019/21
|
| 852 |
|
|
|a Univerzitná knižnica v Bratislave
|b 300000
|h XXG 344
|
| 958 |
|
|
|a OND
|
| 958 |
|
|
|a RK
|
| 958 |
|
|
|a TL
|
| 999 |
|
|
|c 650577
|d 652507
|
| 952 |
|
|
|a SNK
|b SNK
|y VYP
|7 0
|p 17A0495782
|o snkSD 2019/21 D1
|i snkIII.349/49
|0 0
|1 0
|4 0
|d 2006-02-08
|l 0
|r 2026-02-23 18:21:06
|w 2026-02-23
|